[Event "12th American Continental"]
[Site "Medellin COL"]
[Date "2017.06.13"]
[Round "5.37"]
[White "Valderrama Quiceno, Esteban"]
[Black "Arango Arenas, Juan Camilo"]
[Result "1/2-1/2"]
[WhiteElo "2413"]
[BlackElo "2198"]
[EventDate "2017.06.10"]
[PlyCount "79"]

1.c4 c5 2.Nf3 Nc6 3.Nc3 g6 4.e3 Nf6 5.d4 cxd4 6.exd4 d5 7.cxd5 Nxd5 8.Bc4 
Nb6 9.Bb5 Bg7 10.O-O O-O 11.Bxc6 bxc6 12.h3 Be6 13.Ne4 Bd5 14.Qc2 f5 15.
Ned2 Nd7 16.Re1 Rc8 17.Qd1 c5 18.Nb3 c4 19.Nbd2 Re8 20.Ne5 Nxe5 21.dxe5 
Qc7 22.Nb1 Red8 23.Qe2 Qb7 24.f3 Be6 25.Nc3 Rc5 26.Bf4 Qc7 27.Qf2 a5 28.
Be3 Rc6 29.f4 Rd3 30.Rad1 Qd7 31.Qc2 Rc8 32.Na4 Rd8 33.Rc1 Qb5 34.Nc3 Qb7 
35.Qf2 h5 36.Na4 Qb4 37.Nc5 Rd2 38.Bxd2 Rxd2 39.Qe3 Bd5 40.Rcd1 1/2-1/2

[Event "12th American Continental"]
[Site "Medellin COL"]
[Date "2017.06.13"]
[Round "5.42"]
[White "Thavandiran, Shiyam"]
[Black "Posada Zuluaga, Juan Manuel"]
[Result "1/2-1/2"]
[WhiteElo "2363"]
[BlackElo "2153"]
[EventDate "2017.06.10"]
[PlyCount "37"]

1.e4 c5 2.Nf3 d6 3.d4 cxd4 4.Nxd4 Nf6 5.Nc3 a6 6.Nb3 Nc6 7.Be3 e6 8.g4 b5 
9.a3 Bb7 10.g5 Nd7 11.f4 Be7 12.Qd2 Rc8 13.Qf2 Na5 14.Nd2 O-O 15.Bg2 Nc4 
16.Nxc4 Rxc4 17.O-O Nc5 18.Bd4 e5 19.Bxc5 1/2-1/2

[Event "12th American Continental"]
[Site "Medellin COL"]
[Date "2017.06.13"]
[Round "5.43"]
[White "Castaneda Arregoces, Jorge Luis"]
[Black "Alzate, Dario"]
[Result "1/2-1/2"]
[WhiteElo "2155"]
[BlackElo "2362"]
[EventDate "2017.06.10"]
[PlyCount "31"]

1.Nf3 Nf6 2.c4 g6 3.b3 Bg7 4.Bb2 O-O 5.g3 d6 6.Bg2 c5 7.O-O Nc6 8.Nc3 Bd7 
9.d4 cxd4 10.Nxd4 Rc8 11.h3 a6 12.e4 Qa5 13.Nde2 b5 14.cxb5 axb5 15.Qd2 
Be6 16.Rfd1 1/2-1/2

[Event "12th American Continental"]
[Site "Medellin COL"]
[Date "2017.06.13"]
[Round "5.48"]
[White "Puppi Lazo, Jorge Luis"]
[Black "Torres, Juan Camilo"]
[Result "1/2-1/2"]
[WhiteElo "2120"]
[BlackElo "2275"]
[EventDate "2017.06.10"]
[PlyCount "43"]

1.e4 c5 2.Nf3 e6 3.d4 cxd4 4.Nxd4 a6 5.c4 Nf6 6.Nc3 Qc7 7.a3 b6 8.Be3 Bb7 
9.f3 Be7 10.Be2 d6 11.Qd2 O-O 12.O-O Nbd7 13.Rfc1 Rac8 14.a4 a5 15.Ndb5 
Qb8 16.Rd1 Rc6 17.Nd4 Rcc8 18.Ndb5 Rc6 19.Nd4 Rcc8 20.Ndb5 Rc6 21.Nd4 Rcc8
22.Ndb5 1/2-1/2

[Event "12th American Continental"]
[Site "Medellin COL"]
[Date "2017.06.13"]
[Round "5.50"]
[White "Estrada Nieto, Julian"]
[Black "Zambrano Acebo, Junior"]
[Result "1/2-1/2"]
[WhiteElo "2263"]
[BlackElo "1933"]
[EventDate "2017.06.10"]
[PlyCount "138"]

1.e4 c5 2.Nf3 g6 3.c3 Bg7 4.d4 cxd4 5.cxd4 d5 6.e5 Bg4 7.Bb5+ Nc6 8.Bxc6+ 
bxc6 9.Nbd2 e6 10.h3 Bxf3 11.Nxf3 Ne7 12.O-O O-O 13.b3 Re8 14.Ba3 Rc8 15.
g4 h6 16.Qd2 g5 17.Bxe7 Qxe7 18.b4 a5 19.bxa5 Qa3 20.Kg2 c5 21.dxc5 Rxc5 
22.Rfc1 Qxa5 23.Rxc5 Qxc5 24.Rc1 Qb6 25.Rh1 Rb8 26.Rc1 Ra8 27.Rc2 Qa6 28.
Qc1 Qa4 29.Rd2 Qf4 30.Qb2 Qe4 31.Re2 Qa4 32.Qc3 Bf8 33.Qe3 Rc8 34.Rb2 Qd1 
35.Qd4 Qxd4 36.Nxd4 Rc4 37.Nf3 Re4 38.Rb8 Kg7 39.Ra8 Bc5 40.Kf1 Rb4 41.Rc8
Bb6 42.Rc2 Kg6 43.Ke2 h5 44.gxh5+ Kxh5 45.a3 Ra4 46.Rc6 Ba5 47.Rc8 Rxa3 
48.Rh8+ Kg6 49.Rg8+ Kh7 50.Rxg5 Ra2+ 51.Kf1 Bb6 52.Rg2 Ra1+ 53.Ke2 Ra2+ 
54.Kf1 Ra1+ 55.Ke2 Ra2+ 56.Kf1 Bd8 57.Ng5+ Bxg5 58.Rxg5 Ra4 59.Rg4 Re4 60.
Rxe4 dxe4 61.Ke2 Kg6 62.Ke3 Kf5 63.Kd4 Kf4 64.h4 e3 65.fxe3+ Kg4 66.Ke4 
Kxh4 67.Kf4 Kh5 68.Kg3 Kg5 69.e4 Kh5 1/2-1/2

[Event "12th American Continental"]
[Site "Medellin COL"]
[Date "2017.06.13"]
[Round "5.58"]
[White "Dominguez Rincon, Miller"]
[Black "Sanchez Alvarez, Kelvin Antonio"]
[Result "1-0"]
[WhiteElo "2066"]
[BlackElo "2257"]
[EventDate "2017.06.10"]
[PlyCount "132"]

1.e4 c5 2.Nf3 d6 3.d4 cxd4 4.Nxd4 Nf6 5.Nc3 g6 6.Be3 Bg7 7.f3 O-O 8.Qd2 
Nc6 9.Bc4 Bd7 10.O-O-O Ne5 11.Bb3 Rc8 12.h4 h5 13.Bg5 Rc5 14.g4 hxg4 15.f4
Nc4 16.Qd3 Qc8 17.Bxf6 Bxf6 18.h5 g5 19.Nd5 Rxd5 20.exd5 b5 21.Bxc4 bxc4 
22.Qe3 gxf4 23.Qxf4 Qb7 24.Rhf1 Rb8 25.b3 Qxd5 26.Nf5 Bxf5 27.Qxf5 Qxf5 
28.Rxf5 cxb3 29.axb3 Kg7 30.Rg1 Rb4 31.Ra5 Kh6 32.c4 Rxb3 33.Rxg4 Rb7 34.
Kd2 Be5 35.Kd3 f5 36.Rg8 Rb3+ 37.Ke2 Rb7 38.Kd3 Rc7 39.Rg6+ Kxh5 40.Rg8 
Kh6 41.Ra2 Rb7 42.c5 dxc5 43.Kc4 Kh7 44.Rg1 Bg7 45.Kxc5 e5 46.Kd5 Rf7 47.
Ke6 Rf6+ 48.Ke7 Kg8 49.Rag2 Rf7+ 50.Ke6 f4 51.Rc2 Rf6+ 52.Kd5 Rf7 53.Ke6 
Rb7 54.Rc8+ Kh7 55.Kf5 Rf7+ 56.Ke4 Re7 57.Kf5 Rf7+ 58.Ke4 f3 59.Rf1 Rf4+ 
60.Ke3 Bh6 61.Kf2 e4 62.Rc7+ Kg8 63.Rg1+ Kh8 64.Rg6 Rh4 65.Re6 Bf8 66.Kg3 
Bd6+ 1-0

[Event "12th American Continental"]
[Site "Medellin COL"]
[Date "2017.06.13"]
[Round "5.59"]
[White "Solano Cuya, Bryan"]
[Black "Lotero Correa, Faiber"]
[Result "1/2-1/2"]
[WhiteElo "2246"]
[BlackElo "2092"]
[EventDate "2017.06.10"]
[PlyCount "68"]

1.d4 Nf6 2.c4 c5 3.d5 g6 4.Nc3 d6 5.e4 Bg7 6.Bd3 O-O 7.Nf3 e6 8.O-O exd5 
9.exd5 Bg4 10.Re1 Re8 11.Rxe8+ Nxe8 12.h3 Bxf3 13.Qxf3 Nd7 14.Bf1 Ne5 15.
Qd1 Qh4 16.Qb3 b6 17.a4 Nf6 18.a5 bxa5 19.Rxa5 g5 20.Nb5 Ne4 21.Qe3 f5 22.
g3 Qh5 23.Rxa7 Rxa7 24.Nxa7 Nf3+ 25.Kg2 g4 26.h4 Bd4 27.Qh6 Ne1+ 28.Kh2 
Nf3+ 29.Kg2 Qxh6 30.Bxh6 Bxf2 31.Bf4 Bd4 32.Nc8 Ne1+ 33.Kh2 Nf3+ 34.Kg2 
Ne1+ 1/2-1/2

[Event "12th American Continental"]
[Site "Medellin COL"]
[Date "2017.06.13"]
[Round "5.61"]
[White "Rios Parra, Juan Fernando"]
[Black "Rodriguez Rivera, Pedro"]
[Result "1/2-1/2"]
[WhiteElo "2055"]
[BlackElo "2228"]
[EventDate "2017.06.10"]
[PlyCount "62"]

1.e4 g6 2.d4 Bg7 3.Nf3 c6 4.Bd3 d5 5.e5 Nh6 6.O-O O-O 7.h3 f6 8.Re1 fxe5 
9.Nxe5 Nd7 10.Nf3 Nf7 11.c4 e5 12.cxd5 cxd5 13.dxe5 Ndxe5 14.Be2 Nxf3+ 15.
Bxf3 d4 16.Qb3 Kh8 17.Bf4 Ng5 18.Bxg5 Qxg5 19.Na3 Bxh3 20.Bxb7 Rab8 21.
Qxh3 Rxb7 22.Nc4 Qc5 23.Qd3 Re7 24.Rxe7 Qxe7 25.Rd1 Re8 26.g3 Qe6 27.b3 h5
28.Kg2 Rf8 29.Nd2 Rc8 30.Nc4 Rf8 31.Nd2 Rc8 1/2-1/2

[Event "12th American Continental"]
[Site "Medellin COL"]
[Date "2017.06.13"]
[Round "5.64"]
[White "Zapata Arbelaez, Estiven"]
[Black "Cueto, Jose"]
[Result "1/2-1/2"]
[WhiteElo "2202"]
[BlackElo "2071"]
[EventDate "2017.06.10"]
[PlyCount "109"]

1.d4 Nf6 2.c4 e6 3.Nc3 d5 4.Nf3 c6 5.g3 Be7 6.Bg2 O-O 7.O-O Nbd7 8.b3 b6 
9.Ne5 Bb7 10.e4 dxe4 11.Nxe4 Nxe5 12.dxe5 Nxe4 13.Bxe4 Qc7 14.Bb2 c5 15.
Qf3 Bxe4 16.Qxe4 Rad8 17.Rad1 Rxd1 18.Rxd1 Rd8 19.Rd3 Rxd3 20.Qxd3 Qd8 21.
Qe2 Qd7 22.Bc3 g6 23.h4 h5 24.Kg2 Qc6+ 25.Kh2 Qd7 26.Qf3 Kg7 27.Kg2 Kg8 
28.Kf1 Kg7 29.Ke2 Bd8 30.Qe4 Kg8 31.Bd2 Kg7 32.Be3 Qc7 33.f3 Be7 34.Bf2 
Bd8 35.g4 hxg4 36.fxg4 Be7 37.h5 Bg5 38.hxg6 fxg6 39.Be3 Bxe3 40.Kxe3 Qd7 
41.Qf4 Qd8 42.g5 Qd7 43.Qf6+ Kh7 44.Ke2 Qe8 45.Kd3 Qd7+ 46.Kc2 Qe8 47.Kb2 
    ( 47.Qf3 Qd7 48.Qf8 )
47...Qd7 48.Ka3 Qe8 49.Qf3 Qd7 50.Qf8 Qd2 51.Qh6+ Kg8 52.Qxg6+ Kh8 53.Qh6+
Kg8 54.Qxe6+ Kh8 55.Qg6 1/2-1/2

[Event "12th American Continental"]
[Site "Medellin COL"]
[Date "2017.06.13"]
[Round "5.66"]
[White "Madeira, Wagner Martins"]
[Black "Andrade Truyol, Geiner Jose"]
[Result "1/2-1/2"]
[WhiteElo "2185"]
[BlackElo "2027"]
[EventDate "2017.06.10"]
[PlyCount "82"]

1.g3 Nf6 2.Bg2 g6 3.Nf3 d5 4.O-O Bg7 5.c4 O-O 6.cxd5 Nxd5 7.Nc3 Nb6 8.d4 
Nc6 9.d5 Na5 10.e4 c6 11.Bg5 h6 12.Bf4 Bg4 13.h3 Bxf3 14.Qxf3 cxd5 15.exd5
Rc8 16.h4 Rc4 17.Rad1 Qc8 18.Ne4 Rc2 19.Qa3 Nac4 20.Qxe7 Nxb2 21.d6 Nxd1 
22.Rxd1 Nd7 23.Bh3 f5 24.Qe6+ Kh7 25.h5 Qe8 26.hxg6+ Qxg6 27.Qxd7 fxe4 28.
Bg2 Rxf4 29.gxf4 e3 30.Qxb7 Rd2 31.Rxd2 exd2 32.Qd5 Qb1+ 33.Kh2 d1=Q 34.
Be4+ Qxe4 35.Qxe4+ Kg8 36.Qe8+ Kh7 37.Qe4+ Kg8 38.Qe8+ Kh7 39.d7 Qf3 40.
d8=Q Qxf2+ 41.Kh1 Qf1+ 1/2-1/2

[Event "12th American Continental"]
[Site "Medellin COL"]
[Date "2017.06.13"]
[Round "5.72"]
[White "Garcia Alarcon, Alvaro"]
[Black "Cordero Loup, Ely Daniela"]
[Result "1-0"]
[WhiteElo "2152"]
[BlackElo "1979"]
[EventDate "2017.06.10"]
[PlyCount "77"]

1.d4 d5 2.c4 c6 3.Nc3 Nf6 4.Nf3 dxc4 5.a4 e6 6.e3 Bb4 7.Bxc4 O-O 8.O-O a5 
9.Qe2 Nbd7 10.e4 Qc7 11.e5 Nd5 12.Ne4 Re8 13.Nfg5 Nf8 14.Qg4 Ng6 15.Bd3 
Nde7 16.Nxf7 Nf5 17.Nfg5 Nh6 18.Qh5 Rf8 19.Nxh7 Nf4 20.Bxf4 Rxf4 21.Qe8+ 
Bf8 22.Nef6+ Rxf6 23.exf6 Qf7 24.Qxf8+ Qxf8 25.Nxf8 Kxf8 26.fxg7+ Kxg7 27.
Rfe1 Bd7 28.Re5 Nf7 29.Rh5 Kf6 30.f3 Rd8 31.Kf2 Be8 32.Ke3 e5 33.Rh4 c5 
34.dxc5 Rc8 35.Rc1 b6 36.cxb6 Rb8 37.Bb5 Bxb5 38.axb5 Kg5 39.Rg4+ 1-0

[Event "12th American Continental"]
[Site "Medellin COL"]
[Date "2017.06.13"]
[Round "5.74"]
[White "Benitez Rodriguez, Carlos"]
[Black "Barria Baker, Raisa Melissa"]
[Result "1-0"]
[WhiteElo "2144"]
[BlackElo "1971"]
[EventDate "2017.06.10"]
[PlyCount "53"]

1.d4 d5 2.c4 c6 3.Nf3 Nf6 4.Nc3 e6 5.Bg5 h6 6.Bh4 Bd6 7.e3 Nbd7 8.cxd5 
exd5 9.Bd3 O-O 10.O-O Qc7 11.Qc2 Re8 12.Rfc1 g5 13.Bg3 Bxg3 14.hxg3 Qd6 
15.Rab1 a5 16.a3 Ng4 17.e4 dxe4 18.Nxe4 Qd5 19.Re1 Ndf6 20.Bc4 Qd8 21.
Nxf6+ Nxf6 22.Rxe8+ Nxe8 23.Qg6+ Kh8 24.Qxh6+ Kg8 25.Qg6+ Ng7 26.Qxf7+ Kh8
27.Qg6 1-0

[Event "12th American Continental"]
[Site "Medellin COL"]
[Date "2017.06.13"]
[Round "5.75"]
[White "Mateus Urbano, Martha"]
[Black "Martinez Murcia, John Alexander"]
[Result "1/2-1/2"]
[WhiteElo "2138"]
[BlackElo "1912"]
[EventDate "2017.06.10"]
[PlyCount "163"]

1.e4 e5 2.Nf3 Nc6 3.Bb5 a6 4.Ba4 Nf6 5.Qe2 Be7 6.c3 b5 7.Bb3 d6 8.h3 O-O 
9.O-O Na5 10.Bc2 c5 11.d4 Qc7 12.d5 Nc4 13.Re1 h6 14.b3 Nb6 15.Nbd2 Nh7 
16.g4 h5 17.Nh2 Bd7 18.Ndf1 hxg4 19.hxg4 Bg5 20.Ng3 g6 21.Kg2 Kg7 22.Rg1 
Rh8 23.Be3 Qd8 24.Raf1 Bxe3 25.fxe3 Qh4 26.Qf2 Ng5 27.Nh5+ Rxh5 28.gxh5 
Qxf2+ 29.Rxf2 Nh3 30.h6+ Kxh6 31.Rxf7 Nxg1 32.Kxg1 Rd8 33.Kg2 Nc8 34.Kg3 
g5 35.Bd1 Kg6 36.Rf2 Ne7 37.Bg4 Bxg4 38.Nxg4 Ng8 39.Rf5 a5 40.Kf2 Ra8 41.
Ke2 b4 42.Kd3 a4 43.cxb4 axb3 44.axb3 cxb4 45.Kc4 Rb8 46.Rf1 Kh5 47.Nf6+ 
Nxf6 48.Rxf6 Rb6 49.Kd3 Kg4 50.Rg6 Kh5 51.Rg8 Ra6 52.Rh8+ Kg4 53.Rb8 Kg3 
54.Rxb4 g4 55.Rc4 Kf2 56.Rc2+ Kf3 57.Rc6 Ra3 58.Kc4 Ra8 59.Rxd6 Rg8 60.Kd3
g3 61.Rf6+ Kg4 62.Ke2 Ra8 63.Kf1 Ra1+ 64.Kg2 Ra2+ 65.Kg1 Rb2 66.Rf1 Rxb3 
67.Rd1 Kf3 68.d6 Rb8 69.d7 Rd8 70.Rd6 Kxe3 71.Kg2 Kf4 72.Rd1 Kg4 73.Rd3 
Kf4 74.Rd2 Kxe4 75.Kxg3 Ke3 76.Rd6 e4 77.Kg4 Kf2 78.Kf4 e3 79.Ke5 e2 80.
Rd2 Ke3 81.Rxe2+ Kxe2 82.Ke6 1/2-1/2

[Event "12th American Continental"]
[Site "Medellin COL"]
[Date "2017.06.13"]
[Round "5.76"]
[White "Florez Castro, Estiven"]
[Black "Noboa Silva, Kevin"]
[Result "0-1"]
[WhiteElo "1820"]
[BlackElo "2129"]
[EventDate "2017.06.10"]
[PlyCount "92"]

1.d4 e6 2.c4 Bb4+ 3.Bd2 Qe7 4.Nc3 Nf6 5.e3 b6 6.Bd3 Bb7 7.f3 O-O 8.Nge2 d5
9.O-O Nbd7 10.a3 Bxc3 11.bxc3 c5 12.Ng3 dxc4 13.Bxc4 Rac8 14.Qe2 Rfd8 15.
Rfe1 Nb8 16.Bd3 Nc6 17.Ne4 Na5 18.Reb1 c4 19.Bc2 Nxe4 20.fxe4 Bc6 21.Be1 
e5 22.Bg3 f6 23.Re1 Be8 24.Qf2 Bg6 25.dxe5 Rf8 26.exf6 Rxf6 27.Qe2 Re6 28.
Qg4 Re8 29.Bf4 Bxe4 30.Bxe4 Rxe4 31.Red1 Nb3 32.Rd7 h5 33.Rxe7 hxg4 34.
Rxe8+ Rxe8 35.Rd1 Nc5 36.Rd4 Re4 37.Rd8+ Kh7 38.Ra8 a6 39.Bd6 Nb3 40.Rxa6 
Rxe3 41.g3 Re1+ 42.Kg2 Re2+ 43.Kg1 Rd2 44.Bb4 Kg6 45.Rxb6+ Kf5 46.Bc5 Ke4 
0-1

[Event "12th American Continental"]
[Site "Medellin COL"]
[Date "2017.06.13"]
[Round "5.77"]
[White "Zapata, Olga Maria"]
[Black "Gonzalez Lopez, Nicolas Mateo"]
[Result "0-1"]
[WhiteElo "1715"]
[BlackElo "2127"]
[EventDate "2017.06.10"]
[PlyCount "72"]

1.d4 Nf6 2.c4 g6 3.Nc3 Bg7 4.e4 d6 5.f3 O-O 6.Be3 Nc6 7.Qd2 a6 8.Bd3 Rb8 
9.Nge2 Bd7 10.O-O e5 11.d5 Ne7 12.c5 Ne8 13.b4 f5 14.Rab1 f4 15.Bf2 g5 16.
g4 fxg3 17.Bxg3 Ng6 18.Kh1 g4 19.fxg4 Bxg4 20.Rxf8+ Bxf8 21.Rf1 Be7 22.Qe3
Bg5 23.Qf2 Qe7 24.Ng1 Ng7 25.Qg2 Bd7 26.cxd6 cxd6 27.Nf3 Bh6 28.Ne2 Kh8 
29.h3 Nh5 30.Bh2 Rg8 31.Rg1 Be3 32.Qf1 Bxg1 33.Nexg1 Ngf4 34.Bc2 Ng3+ 35.
Bxg3 Rxg3 36.Kh2 Rg2+ 0-1

[Event "12th American Continental"]
[Site "Medellin COL"]
[Date "2017.06.13"]
[Round "5.78"]
[White "Londono Lopez, Donaldo"]
[Black "Silva, Enmanuel"]
[Result "1-0"]
[WhiteElo "1578"]
[BlackElo "2119"]
[EventDate "2017.06.10"]
[PlyCount "61"]

1.e4 c5 2.c3 d5 3.exd5 Qxd5 4.d4 Nc6 5.Nf3 Bg4 6.Be2 e6 7.O-O Nf6 8.Be3 
cxd4 9.cxd4 Bd6 10.h3 Qh5 11.Nc3 Rd8 12.Qb3 O-O 13.Qb5 Bxf3 14.Bxf3 Qxb5 
15.Nxb5 Bb8 16.Rfd1 Rd7 17.Rac1 Nb4 18.a3 Nbd5 19.Nc3 h6 20.Ne4 Nxe4 21.
Bxe4 f5 22.Bf3 Rfd8 23.Rc2 g5 24.Be2 a6 25.Bc4 Kf7 26.Re1 Kf6 27.Bd2 Rc8 
28.Bb3 Rxc2 29.Bxc2 Ba7 30.Bc3 Nc7 31.d5+ 1-0

[Event "12th American Continental"]
[Site "Medellin COL"]
[Date "2017.06.13"]
[Round "5.79"]
[White "Pardo Agudelo, Alejandro"]
[Black "Arosemena, Franklin Alberto"]
[Result "1-0"]
[WhiteElo "2117"]
[BlackElo "1881"]
[EventDate "2017.06.10"]
[PlyCount "45"]

1.d4 d5 2.Nf3 Nf6 3.e3 Bf5 4.c4 c6 5.Qb3 Qb6 6.Nc3 e6 7.c5 Qc7 8.Nh4 Be4 
9.f3 Bg6 10.Qa4 Be7 11.Be2 Nbd7 12.b4 e5 13.Nxg6 hxg6 14.f4 exd4 15.exd4 
Nh5 16.O-O g5 17.fxg5 a5 18.Bxh5 Rxh5 19.Bf4 Qc8 20.Rae1 Kf8 21.Qd1 Rxg5 
22.Bxg5 Bxg5 23.Qh5 1-0

[Event "12th American Continental"]
[Site "Medellin COL"]
[Date "2017.06.13"]
[Round "5.80"]
[White "Zapata Cuartas, Juan Carlos"]
[Black "Parmet, Daniel Edward"]
[Result "1/2-1/2"]
[WhiteElo "2110"]
[BlackElo "1870"]
[EventDate "2017.06.10"]
[PlyCount "97"]

1.d4 d5 2.c4 c6 3.Nf3 Nf6 4.Nc3 dxc4 5.a4 Bf5 6.Ne5 e6 7.Nxc4 c5 8.dxc5 
Qxd1+ 9.Kxd1 Bxc5 10.f3 Nc6 11.e4 O-O-O+ 12.Kc2 Nd4+ 13.Kb1 Bg6 14.Be3 Nd5
15.Bxd4 Bxd4 16.Nb5 Bc5 17.Ne5 Nb4 18.Bc4 a6 19.Na3 Rd2 20.Rc1 Bd4 21.
Bxe6+ Kb8 22.Nd7+ Ka8 23.Nc4 Rxg2 24.Bf5 Bxf5 25.exf5 Rd8 26.Ndb6+ Ka7 27.
a5 Rxh2 28.Ra4 Nc6 29.b4 Re8 30.Nd5 Ree2 31.Nc3 Ref2 32.b5 Bxc3 33.bxc6 
Rb2+ 34.Nxb2 Rxb2+ 35.Ka1 Rb4+ 36.Rxc3 Rxa4+ 37.Kb2 bxc6 38.Rxc6 Rxa5 39.
Rc7+ Kb6 40.Rxf7 h5 41.f6 g5 42.Rg7 Rf5 43.f7 h4 44.Rg6+ Kb7 45.Rxg5 Rxf7 
46.Rh5 Rf4 47.Kc2 Kb6 48.Kd2 Rxf3 49.Rxh4 1/2-1/2

[Event "12th American Continental"]
[Site "Medellin COL"]
[Date "2017.06.13"]
[Round "5.82"]
[White "Blandon Villa, Diego"]
[Black "Guerrero Avila, Hernando"]
[Result "1-0"]
[WhiteElo "2220"]
[BlackElo "1893"]
[EventDate "2017.06.10"]
[PlyCount "39"]

1.e4 d5 2.exd5 Qxd5 3.Nc3 Qd6 4.d4 Nf6 5.Bc4 Bg4 6.f3 Bf5 7.Nge2 c6 8.Bf4 
Qd8 9.Qd2 e6 10.O-O-O Nbd7 11.g4 Bg6 12.h4 h6 13.Bd3 Bxd3 14.Qxd3 Nd5 15.
Nxd5 cxd5 16.g5 h5 17.g6 f6 18.Rhe1 Qb6 19.Nc3 Be7 20.Qe2 1-0

[Event "12th American Continental"]
[Site "Medellin COL"]
[Date "2017.06.13"]
[Round "5.83"]
[White "Chinchilla Miranda, Eugenio"]
[Black "Rivera, Luis Enrique"]
[Result "1-0"]
[WhiteElo "2213"]
[BlackElo "1885"]
[EventDate "2017.06.10"]
[PlyCount "69"]

1.d4 d5 2.c4 e6 3.Nc3 c6 4.e4 dxe4 5.Nxe4 Nf6 6.Nxf6+ Qxf6 7.Nf3 Bb4+ 8.
Bd2 Bxd2+ 9.Qxd2 Nd7 10.Be2 O-O 11.O-O b6 12.Ng5 h6 13.Ne4 Qe7 14.Nc3 Bb7 
15.Bf3 Rfd8 16.Qe3 Nf6 17.Rfe1 Qb4 18.b3 Rd7 19.Ne2 Rad8 20.a3 Qa5 21.b4 
Qg5 22.Rab1 Qf5 23.h3 Ba8 24.g4 Qg5 25.Bg2 Qh4 26.Rbd1 b5 27.c5 Nd5 28.
Bxd5 Rxd5 29.Nc3 h5 30.Nxd5 Rxd5 31.Qg3 Qd8 32.Re5 Rxd4 33.Rxd4 Qxd4 34.
Rxh5 g6 35.Qb8+ 1-0

[Event "12th American Continental"]
[Site "Medellin COL"]
[Date "2017.06.13"]
[Round "5.85"]
[White "Borensztajn, David"]
[Black "Remicio Duque, John"]
[Result "0-1"]
[WhiteElo "1950"]
[BlackElo "2110"]
[EventDate "2017.06.10"]
[PlyCount "78"]

1.Nf3 c5 2.g3 d6 3.b3 Nf6 4.Bb2 Nc6 5.c4 g6 6.Bg2 Bg7 7.O-O O-O 8.d3 Re8 
9.Nc3 Bd7 10.a3 Rb8 11.e3 a6 12.Qc2 b5 13.Nd2 e6 14.Nde4 b4 15.Ne2 bxa3 
16.Bxf6 Bxf6 17.Nxf6+ Qxf6 18.Rxa3 Nb4 19.Qd2 Rec8 20.d4 Bc6 21.Bxc6 Rxc6 
22.Rd1 Rcb6 23.dxc5 dxc5 24.Nc3 Nc6 25.f4 Rxb3 26.Rxb3 Rxb3 27.Na4 Qe7 28.
Qd6 Rb1 29.Qd3 Rb8 30.Qe4 Na5 31.Qe5 Rd8 32.Rc1 Nb3 33.Rc2 Qb7 34.e4 Nd2 
35.Qb2 Qxe4 36.Qc1 Nf3+ 37.Kf2 Rd3 38.Re2 Qd4+ 39.Kg2 Nd2 0-1

[Event "12th American Continental"]
[Site "Medellin COL"]
[Date "2017.06.13"]
[Round "5.88"]
[White "Martinez Romero, Mauricio"]
[Black "Gonzalez Rodriguez, Eleicer"]
[Result "1/2-1/2"]
[WhiteElo "1931"]
[BlackElo "2078"]
[EventDate "2017.06.10"]
[PlyCount "110"]

1.e4 c5 2.Nf3 e6 3.d4 cxd4 4.Nxd4 a6 5.c4 Qc7 6.Be2 Nf6 7.Nc3 Bb4 8.Qd3 
O-O 9.Bd2 Nc6 10.Nxc6 dxc6 11.O-O b5 12.a3 Rd8 13.Qc2 Be7 14.Rac1 Bb7 15.
f4 bxc4 16.e5 Nd5 17.Bxc4 Qb6+ 18.Kh1 Qd4 19.Nxd5 cxd5 20.Bd3 g6 21.Qc3 
Qa4 22.Qa5 Qxa5 23.Bxa5 Rdc8 24.Bb6 f6 25.Bd4 Kf7 26.Kg1 f5 27.Kf2 g5 28.
g3 h5 29.Be3 g4 30.Ke2 Ke8 31.Kd2 Kd7 32.Rxc8 Rxc8 33.Rc1 Rxc1 34.Kxc1 Kc6
35.b4 Bd8 36.Kb2 Bb6 37.Bxb6 Kxb6 38.a4 a5 39.bxa5+ Kxa5 40.Bb5 d4 41.Kc2 
Be4+ 42.Kd2 Kb4 43.Bd7 Bd5 44.Kd3 Kc5 45.a5 Bc4+ 46.Kd2 Kd5 47.Bc8 Kc5 48.
a6 Kb6 49.Kc2 Ka7 50.Kd2 Bd5 51.Kd3 Kb8 52.Bb7 Bxb7 53.axb7 Kxb7 54.Kxd4 
Kc6 55.Kc4 Kb6 1/2-1/2

[Event "12th American Continental"]
[Site "Medellin COL"]
[Date "2017.06.13"]
[Round "5.90"]
[White "Cadavid Osorio, Juan Miguel"]
[Black "Buitrago Grajales, Juan Carlos"]
[Result "1/2-1/2"]
[WhiteElo "1894"]
[BlackElo "2035"]
[EventDate "2017.06.10"]
[PlyCount "30"]

1.e4 b6 2.d4 Bb7 3.Bd3 e6 4.Nf3 c5 5.c3 cxd4 6.cxd4 Bb4+ 7.Nc3 Nf6 8.Qe2 
d5 9.e5 Ne4 10.Bd2 Nxd2 11.Qxd2 Ba6 12.Rc1 O-O 13.O-O Qd7 14.Ng5 g6 15.
Bxa6 Nxa6 1/2-1/2

[Event "12th American Continental"]
[Site "Medellin COL"]
[Date "2017.06.13"]
[Round "5.92"]
[White "Pachon, Adriana"]
[Black "Vargas, Rogelio"]
[Result "1-0"]
[WhiteElo "2006"]
[BlackElo "1619"]
[EventDate "2017.06.10"]
[PlyCount "43"]

1.f4 g6 2.Nf3 d6 3.Nc3 Bg7 4.b3 Nc6 5.e3 e5 6.Bb2 Nge7 7.fxe5 dxe5 8.Bc4 
O-O 9.O-O Bg4 10.h3 Bxf3 11.Qxf3 Nf5 12.Ba3 Nce7 13.g4 Nd6 14.Bxd6 cxd6 
15.Bxf7+ Kh8 16.Qxb7 d5 17.Bxd5 Qd6 18.Rxf8+ Rxf8 19.Rf1 Rb8 20.Qxa7 Nxd5 
21.Nxd5 e4 22.Qc7 1-0

[Event "12th American Continental"]
[Site "Medellin COL"]
[Date "2017.06.13"]
[Round "5.93"]
[White "Morera Campos, Yanori Maria"]
[Black "Vasquez Garrido, Nuremberg"]
[Result "0-1"]
[WhiteElo "1882"]
[BlackElo "1987"]
[EventDate "2017.06.10"]
[PlyCount "108"]

1.c4 Nf6 2.Nc3 e5 3.d3 Bc5 4.e3 O-O 5.Nf3 Re8 6.Nxe5 Rxe5 7.d4 Bxd4 8.Qxd4
Nc6 9.Qd1 b6 10.Be2 Ne4 11.Nxe4 Rxe4 12.Bd2 Ba6 13.Qc2 Qe7 14.O-O Nd4 15.
exd4 Rxe2 16.Rae1 Re8 17.Rxe2 Qxe2 18.b3 d5 19.Qc3 Qg4 20.Be3 dxc4 21.bxc4
Qe2 22.Rc1 Qxa2 23.Qa1 Qxa1 24.Rxa1 Bxc4 25.Rxa7 c6 26.f3 b5 27.Rb7 h6 28.
Kf2 Ra8 29.Rb6 Ra2+ 30.Kg3 Bf1 31.Rxc6 Rxg2+ 32.Kf4 Bd3 33.d5 f6 34.Bc5 
Rg5 35.d6 Rd5 36.Rc7 Bf5 37.Ke3 Rd3+ 38.Kf4 Rd5 39.Ke3 g5 40.Kf2 h5 41.Bb4
h4 42.Rc5 Rxc5 43.Bxc5 Bd7 44.Ke3 Kf7 45.f4 Ke6 46.fxg5 fxg5 47.Kd4 Bc6 
48.Bb4 g4 49.Be1 g3 50.h3 Kxd6 51.Ke3 Kc5 52.Kf4 b4 53.Kg4 b3 54.Kxh4 g2 
0-1

[Event "12th American Continental"]
[Site "Medellin COL"]
[Date "2017.06.13"]
[Round "5.97"]
[White "Zuniga Garcia, Eddy Andres"]
[Black "Benavides Montenegro, Maicol"]
[Result "1-0"]
[WhiteElo "1879"]
[BlackElo "2090"]
[EventDate "2017.06.10"]
[PlyCount "83"]

1.d4 Nf6 2.Nf3 g6 3.Bf4 Bg7 4.e3 O-O 5.Be2 d6 6.O-O Nbd7 7.h3 b6 8.c4 Bb7 
9.Nc3 Ne4 10.Nxe4 Bxe4 11.Nd2 Bb7 12.Bh2 e5 13.Bf3 Bxf3 14.Nxf3 e4 15.Nd2 
f5 16.Qc2 Qe7 17.Rac1 a5 18.a3 c5 19.d5 Ne5 20.Bxe5 Qxe5 21.b3 a4 22.Rb1 
Ra6 23.b4 cxb4 24.Rxb4 Qc3 25.Qa2 Qd3 26.Rbb1 f4 27.exf4 Bd4 28.Kh1 Rxf4 
29.f3 Be5 30.fxe4 Qe2 31.Rfe1 Qf2 32.Rf1 Qe3 33.Rxf4 Bxf4 34.Nf3 Qxe4 35.
Re1 Qf5 36.Qe2 Ra8 37.Nd4 Qf6 38.Qe6+ Qxe6 39.Rxe6 Kf7 40.Nb5 Rc8 41.Re4 
Be3 42.Rxe3 1-0

[Event "12th American Continental"]
[Site "Medellin COL"]
[Date "2017.06.13"]
[Round "5.98"]
[White "Alvarez Zuluaga, Alvaro"]
[Black "Descarrega Zacarias, Vanessa"]
[Result "1-0"]
[WhiteElo "2077"]
[BlackElo "1883"]
[EventDate "2017.06.10"]
[PlyCount "79"]

1.d4 d5 2.Nf3 Nf6 3.c4 c6 4.e3 Nbd7 5.Nc3 e6 6.a3 Be7 7.Bd3 Qc7 8.cxd5 
Nxd5 9.Ne2 e5 10.e4 N5f6 11.dxe5 Nxe5 12.Nxe5 Qxe5 13.Qc2 Be6 14.Be3 Rd8 
15.O-O O-O 16.b4 b6 17.f4 Qh5 18.f5 Ng4 19.Bf4 Bg5 20.h3 Ne3 21.Bxe3 Bxe3+
22.Kh1 Bc8 23.Rf3 Qh6 24.Rd1 c5 25.Bc4 Rxd1+ 26.Qxd1 Bg5 27.Rd3 cxb4 28.
axb4 g6 29.Rg3 Kh8 30.Qa1+ f6 31.Rf3 gxf5 32.exf5 Bb7 33.Rg3 Rd8 34.Qxa7 
Qg7 35.Qxb6 Rd1+ 36.Kh2 Qe7 37.h4 Qe4 38.hxg5 Qh4+ 39.Rh3 Qe1 40.Qxf6# 1-0

[Event "12th American Continental"]
[Site "Medellin COL"]
[Date "2017.06.13"]
[Round "5.101"]
[White "Mora Suarez, Juan Felipe"]
[Black "Abril Guiza, Mauricio"]
[Result "0-1"]
[WhiteElo "1858"]
[BlackElo "2020"]
[EventDate "2017.06.10"]
[PlyCount "52"]

1.d4 Nf6 2.Bg5 Ne4 3.Bf4 d5 4.f3 Nf6 5.e4 e6 6.Nc3 c5 7.exd5 exd5 8.Qe2+ 
Be7 9.Nb5 O-O 10.O-O-O Nh5 11.Bc7 Qd7 12.f4 Na6 13.Be5 c4 14.Nc3 g6 15.f5 
Bg5+ 16.Kb1 f6 17.Nh3 Bh6 18.fxg6 hxg6 19.Bg3 Re8 20.Qf3 Nb4 21.Nf4 Bxf4 
22.Bxf4 Qf5 23.Bd6 Nxc2 24.Qxd5+ Kg7 25.g4 Na3+ 26.Ka1 Qb1+ 0-1